| 000 | 00540nam a22001811a 4500 | ||
|---|---|---|---|
| 001 | 1133 | ||
| 003 | OSt | ||
| 005 | 20260204211723.0 | ||
| 008 | 040116s1999||||dr ||||||b||||||||||spa|| | ||
| 050 | _a900.7293 P415c | ||
| 082 | _a900.7293 P415c | ||
| 100 | _aPérez Stefan, Reynolds J. | ||
| 245 | _aLa concepción de La Vega Real en el meridiano histórico de la universidad / Reynolds J. Pérez Stefan | ||
| 264 | _aSanto Domingo : Taller | ||
| 300 | _a419 p. | ||
| 650 | _a1.Historia - La Vega República DominicanaÌ | ||
| 942 |
_2ddc _cBK |
||
| 999 |
_c1133 _d1133 |
||